000 00316nam a2200145Ia 4500
100 _aDrozdek/Adam
942 _cBK
654 _adata compression
245 _aElements of Data compression
260 _bThomsan Learning/Vikas
_c2002
082 _a5.746
_bDRO
300 _a221
546 _aENGLISH
999 _c20144
_d20144